| 000 | 00339nam a2200133Ia 4500 | ||
|---|---|---|---|
| 008 | 220120s9999||||xx |||||||||||||| ||und|| | ||
| 020 | _a81-203-0752-6 | ||
| 082 | _a823 BAG | ||
| 100 | _aBagshawe, Tilly | ||
| 245 | 0 | _aChasing tomorrow | |
| 260 |
_aHarper Collins _bPune _c2014 |
||
| 300 | _b195 | ||
| 650 | _aINSTRUMENT AND MEASURMENTATION | ||
| 999 |
_c137304 _d137304 |
||